عرض عادي عرض مارك
  • Microsoft OneNote.

مدخل عنوان موحد

عدد التسجيلات المستخدمة في: 1

001 - رقم الضبط

  • حقل الضبط: 12272

003 - معرف رقم الضبط

  • حقل الضبط: OSt

005 - تاريخ ووقت أخر عملية

  • حقل الضبط: 20120430015017.0

008 - عناصر بيانات ثابتة الطول

  • حقل تحكم ثابت الطول: 120430|||a|||||| | ||| d

040 ## - مصدر الفهرسة

  • هيئة الفهرسة الأصلية: OSt
  • وكالة الكتابة: OSt

130 ## - مدخل -- اسم مؤتمر

  • العنوان الموحد: Microsoft OneNote.

670 ## - بيانات المصدر موجوده

  • الاستشهاد بالمصدر: Work cat.: (OSt)0: Gaskin, Shelley. 10645, Go! with Microsoft Office. OneNote 2010. Getting started /, c2012.